Ācārya Keśavadāsa ke tīna grantha. (Record no. 75536)
[ view plain ]
| 000 -LEADER | |
|---|---|
| fixed length control field | 00823cam a22002651 4500 |
| 001 - CONTROL NUMBER | |
| control field | sa 67005899 |
| 003 - CONTROL NUMBER IDENTIFIER | |
| control field | DLC |
| 005 - DATE AND TIME OF LATEST TRANSACTION | |
| control field | 20260227112401.0 |
| 008 - FIXED-LENGTH DATA ELEMENTS--GENERAL INFORMATION | |
| fixed length control field | 890710s1964 ii b 000 0 hino |
| 010 ## - LIBRARY OF CONGRESS CONTROL NUMBER | |
| LC control number | sa 67005899 |
| 035 ## - SYSTEM CONTROL NUMBER | |
| System control number | (OCoLC)19985919 |
| 040 ## - CATALOGING SOURCE | |
| Original cataloging agency | DLC |
| Transcribing agency | WaU |
| Modifying agency | DLC |
| 042 ## - AUTHENTICATION CODE | |
| Authentication code | premarc |
| 050 00 - LIBRARY OF CONGRESS CALL NUMBER | |
| Classification number | PK2095 |
| Item number | .K4 1964 |
| 100 0# - MAIN ENTRY--PERSONAL NAME | |
| Personal name | Keśavadāsa, |
| Dates associated with a name | 1555?-1617? |
| 245 10 - TITLE STATEMENT | |
| Title | Ācārya Keśavadāsa ke tīna grantha. |
| 260 ## - PUBLICATION, DISTRIBUTION, ETC. | |
| Date of publication, distribution, etc. | [1964] |
| 300 ## - PHYSICAL DESCRIPTION | |
| Extent | 33, 62 p. |
| Dimensions | 23 cm. |
| 440 #0 - SERIES STATEMENT/ADDED ENTRY--TITLE | |
| Title | Woolner Indological series, |
| Volume/sequential designation | 10 |
| 490 0# - SERIES STATEMENT | |
| Series statement | Vishveshyaranand Vedic Research Institute, Hoshiarpur, India. Publication, |
| Volume/sequential designation | 311 |
| 500 ## - GENERAL NOTE | |
| General note | In Hindi. |
| 504 ## - BIBLIOGRAPHY, ETC. NOTE | |
| Bibliography, etc. note | Bibliographical footnotes. |
| 700 1# - ADDED ENTRY--PERSONAL NAME | |
| Personal name | Sharma, Kiran Chandra, |
| Dates associated with a name | 1917- |
| 830 #0 - SERIES ADDED ENTRY--UNIFORM TITLE | |
| Uniform title | Vishveshvaranand Vedic Research Institute publication ; |
| Volume/sequential designation | no. 311 |
No items available.